00624nam a22002177a 450000100060000000300080000600500170001400800410003102000160007202000180008803500190010604000260012504100080015108200220015924500730018125000120025426000300026630000680029650000200036470000220038475745BD-RjUL20211209082733.0190626s2002 enk||||| |||| 001 0 eng d a000710927X  a9780007650804 a(BD-RjUL)75964 aBD-RjULbengcBD-RjUL aeng 222a909bTIM 200203aThe Times compact history of the world /cedited by Geoffrey Parker. a3rd ed. aLondon :bGrafton,c2002. a192 pages : billustrations (some color), color maps ;c 26 cm. aIncludes index. aParker, Geoffrey